000 nam a22 a 4500
999 _c374
_d374
005 20170503152812.0
008 170503b1980 MY ||||| |||| 00| 0 may d
040 _aAKMAL
082 _a070 ISK
090 _a070
_bISK
100 _aAbdussalam Muhammad Iskandar Haji Ahmad
_9846
245 _aPersuratkhabaran Melayu 1876-1968
_c[oleh] A.M. Iskandar Haji Ahmad.
260 _a Kuala Lumpur
_bDewan Bahasa dan Pustaka
_c1973
300 _axiii, 190ms.
_c22cm
599 _aDALAM PROSES
942 _2ddc
_cBOOK